| 000 | 00362nam a22001577a 4500 | ||
|---|---|---|---|
| 003 | SGT | ||
| 020 | _a9788125918769 | ||
| 082 |
_a610.73 _bM14R |
||
| 100 | _aRAM, LILY PRITAM TELU | ||
| 245 | _aMANUAL OF NURSING ARTS & PROCEDURES | ||
| 250 | _a4TH | ||
| 260 |
_aINDIA _bVIKAS PUB _c2014 |
||
| 300 | _a304 | ||
| 650 | _aNURSING PROCEDURES | ||
| 942 |
_2ddc _cBK |
||
| 999 |
_c34871 _d34871 |
||